000 00499cam a2200193ua 4500
001 3144
008 110929n ii |||gr||||Z||||||asm
040 _cMAIN
082 _a891.4513
100 _aPasternak, Boris,
_eAuthor.
245 1 1 _aDr. Jivago
_cby Boris Pasternak
250 _a1st.
260 _aGuahati:
_bPublication Board Assam,
_c2007.
300 _a696p:
_c23cm.
653 _aDr. Jivago
653 _aAssamese novel
700 _aBhattacharya, Nalinidhar ,
_eTranslator.,
942 _cBK
999 _c2990
_d2990